Kandydaci na Prezydenta RP - Statystyki

Ogólne statystyki
  • Ten quiz został rozwiązany 25 razy
  • Średni wynik to 45 z 88
Statystyki odpowiedzi
ugrupowanie rok wyborów imię i nazwisko kandydata % Poprawnych
Socjaldemokracja Rzeczypospolitej Polskiej 1995 Aleksander Kwaśniewski
89%
bezpartyjny 2000 Aleksander Kwaśniewski
89%
Prawo i Sprawiedliwość 2015 Andrzej Duda
89%
bezpartyjny 2020 Andrzej Duda
89%
Prawo i Sprawiedliwość 2010 Jarosław Kaczyński
89%
Prawo i Sprawiedliwość 2005 Lech Kaczyński
89%
Porozumienie Centrum (formalnie bezpartyjny) 1990 Lech Wałęsa
89%
bezpartyjny 1995 Lech Wałęsa
89%
Chrześcijańska Demokracja III Rzeczypospolitej Polskiej 2000 Lech Wałęsa
89%
Lewica (formalnie bezpartyjny) 2025 Magdalena Biejat
89%
Koalicja Obywatelska 2020 Rafał Trzaskowski
89%
Koalicja Obywatelska 2025 Rafał Trzaskowski
89%
Partia Razem 2025 Adrian Zandberg
84%
Platforma Obywatelska Rzeczypospolitej Polskiej 2005 Donald Tusk
84%
Prawo i Sprawiedliwość (formalnie bezpartyjny) 2025 Karol Nawrocki
84%
Konfederacja Wolność i Niepodległość 2025 Sławomir Mentzen
84%
Unia Polityki Realnej 1995 Janusz Korwin-Mikke
79%
Unia Polityki Realnej 2000 Janusz Korwin-Mikke
79%
Platforma Janusza Korwin-Mikke 2005 Janusz Korwin-Mikke
79%
Wolność i Praworządność 2010 Janusz Korwin-Mikke
79%
Koalicja Odnowy Rzeczypospolitej Wolność i Nadzieja 2015 Janusz Korwin-Mikke
79%
bezpartyjny 2025 Joanna Senyszyn
79%
bezpartyjny 2020 Szymon Hołownia
79%
Polska 2050 Szymona Hołowni 2025 Szymon Hołownia
79%
Platforma Obywatelska Rzeczypospolitej Polskiej 2010 Bronisław Komorowski
74%
bezpartyjny 2015 Bronisław Komorowski
74%
bezpartyjny 2015 Grzegorz Braun
74%
Konfederacja Korony Polskiej 2025 Grzegorz Braun
74%
Konfederacja Wolność i Niepodległość 2020 Krzysztof Bosak
68%
bezpartyjny 2025 Maciej Maciak
68%
Federacja dla Rzeczypospolitej 2020 Marek Jakubiak
68%
Kukiz15 oraz Federacja dla Rzeczypospolitej 2025 Marek Jakubiak
68%
Bezpartyjni Samorządowcy – Łączy nas Polska 2025 Marek Woch
68%
Przymierze Samoobrona 1995 Andrzej Lepper
63%
Samoobrona Rzeczpospolitej Polskiej 2000 Andrzej Lepper
63%
Samoobrona Rzeczpospolitej Polskiej 2005 Andrzej Lepper
63%
Nasz Dom Polska – Samoobrona Andrzeja Leppera 2010 Andrzej Lepper
63%
bezpartyjny 2025 Krzysztof Stanowski
58%
Sojusz Lewicy Demokratycznej (formalnie bezpartyjny) 2015 Magdalena Ogórek
58%
Libertariańska Partia Kanady (w Polsce bezpartyjny) 1990 Stanisław Tymiński
58%
bezpartyjny 2005 Stanisław Tymiński
58%
Polskie Stronnictwo Ludowe 2020 Władysław Kosiniak-Kamysz
58%
bezpartyjny 2025 Artur Bartoszewicz
53%
Ruch Narodowy 2015 Marian Kowalski
53%
bezpartyjny 2015 Paweł Kukiz
53%
Kongres Nowej Prawicy oraz PolExit 2020 Stanisław Żółtek
53%
Polskie Stronnictwo Ludowe 1995 Waldemar Pawlak
53%
Polskie Stronnictwo Ludowe 2010 Waldemar Pawlak
53%
bezpartyjny 2000 Andrzej Olechowski
47%
Stronnictwo Demokratyczne (formalnie bezpartyjny) 2010 Andrzej Olechowski
47%
Twój Ruch 2015 Janusz Palikot
47%
Demokracja Bezpośrednia 2015 Paweł Tanajno
47%
Demokracja Bezpośrednia (formalnie bezpartyjny) 2020 Paweł Tanajno
47%
Lewica 2020 Robert Biedroń
47%
Ruch Obywatelski Akcja Demokratyczna (formalnie bezpartyjny) 1990 Tadeusz Mazowiecki
47%
Socjaldemokracja Rzeczypospolitej Polskiej (formalnie bezpartyjny) 1990 Włodzimierz Cimoszewicz
47%
Kongres Nowej Prawicy 2015 Jacek Wilk
42%
Sojusz Lewicy Demokratycznej 2010 Grzegorz Napieralski
37%
Ruch Społeczny Akcja Wyborcza Solidarność 2000 Marian Krzaklewski
37%
Polskie Stronnictwo Ludowe 2015 Adam Jarubas
32%
Polskie Stronnictwo Ludowe 2000 Jarosław Kalinowski
32%
Polskie Stronnictwo Ludowe 2005 Jarosław Kalinowski
32%
Socjaldemokracja Polska 2005 Marek Borowski
32%
Prawica Rzeczypospolitej 2010 Marek Jurek
32%
Ruch Prawdziwa Europa – Europa Christi 2020 Mirosław Piotrowski
32%
Unia Pracy 2020 Waldemar Witkowski
32%
Unia Wolności 1995 Jacek Kuroń
26%
Forum Walki z Bezprawiem 1995 Leszek Bubel
26%
Polska Partia Narodowa oraz Stronnictwo Narodowe 2005 Leszek Bubel
26%
Konfederacja Polski Niepodległej 1990 Leszek Moczulski
26%
Polska Partia Socjalistyczna 2000 Piotr Ikonowicz
26%
bezpartyjny 1995 Hanna Gronkiewicz-Waltz
21%
Ruch dla Rzeczypospolitej 1995 Jan Olszewski
21%
bezpartyjny 2010 Kornel Morawiecki
21%
Polskie Stronnictwo Ludowe 1990 Roman Bartoszcze
16%
Polska Konfederacja – Godność i Praca 2005 Adam Słomka
11%
Polska Partia Pracy – Sierpień 80 2010 Bogusław Ziętek
11%
Partia Demokratyczna – demokraci.pl (formalnie bezpartyjny) 2005 Henryka Bochniarz
11%
bezpartyjny 1995 Kazimierz Piotrowicz
11%
Porozumienie Polskie 2000 Jan Łopuszański
5%
bezpartyjny 1995 Jan Pietrzak
5%
bezpartyjny 1995 Tadeusz Koźluk
5%
Stronnictwo Narodowe 2000 Tadeusz Wilecki
5%
bezpartyjny 2000 Bogdan Pawłowski
0%
Stronnictwo Polska Racja Stanu 2000 Dariusz Grabowski
0%
Organizacja Narodu Polskiego – Liga Polska 2005 Jan Pyszko
0%
bezpartyjny 2005 Liwiusz Ilasz
0%
Unia Pracy (formalnie bezpartyjny) 1995 Tadeusz Zieliński
0%
Nie znaleziono quizów pasujących do podanych kryteriów
Rozkład punktacji
Procent ludzi z każdym wynikiem
Percentyl według liczby udzielonych odpowiedzi
Twoja historia wyników
Nie rozwiązałeś tego quizu